000 00444nam a2200169Ia 4500
003 GCL
008 140319s9999 xx 000 0 ara d
040 _aGCL /
_cGCL
082 0 4 _a808.83
_bح ح
100 1 _aحلمى مراد
245 1 0 _aحياة بيتهوفن وكتب اخرى /
_cحلمى مراد
300 _a174 ص
490 _aكتابى
_v0
650 0 4 _aالقصص
650 0 4 _aالقصص المترجمة
942 _2ddc
_cBK
999 _c47646
_d47646